La Orden del Temple
Saved in:
| Hovedforfatter: | |
|---|---|
| Format: | Bog |
| Sprog: | spansk |
| Udgivet: |
Barcelona
Ediciones Urano
2006
|
| Udgivelse: | 1a. ed |
| Fag: | |
| Tags: |
Tilføj Tag
Ingen Tags, Vær først til at tagge denne postø!
|
MARC
| LEADER | 00000cam a2200000 a 4500 | ||
|---|---|---|---|
| 001 | UCC1186 | ||
| 003 | CL-VaPUC | ||
| 008 | 171006e20060000sp |||||||||||||||||spa|d | ||
| 020 | |a 8495618966 | ||
| 082 | 0 | 4 | |a 813 |b KHO |2 21 |
| 100 | 0 | |a Khoury, Raymond |e author |9 595229 | |
| 245 | 1 | 3 | |a La Orden del Temple |
| 250 | |a 1a. ed | ||
| 300 | |a 444 p | ||
| 942 | |c BK | ||
| 945 | |d 20171006 11:09:00 |a dcastane | ||
| 260 | |a Barcelona |b Ediciones Urano |c 2006 | ||
| 650 | 0 | |a Novelas estadounidenses |9 265217 | |
| 650 | 0 | |a Literatura estadounidense |9 317168 | |
| 650 | 7 | |a TEMPLARIOS |2 CL-VaPUC |9 319066 | |
| 583 | |a last modification |c 20171006 11:09:00 |k Rodrigo Vera | ||
| 999 | |c 369756 |d 369754 | ||
| 952 | |0 0 |1 0 |3 erb |4 0 |6 813_000000000000000_KHO_2006 |7 0 |8 A |9 485750 |a BIBGIM |b BIBGIM |i 5426952 |o 813 KHO 2006 |p 5426952 |r 2025-01-15 |w 2019-11-24 |y BK |z Catalogado en:20171006 |k GIM | ||